MDQL
is popping MORE tags! Check the
thread
!
Quizzes
Events
Quiz Creation
Community
Videos
Private Events
Remove Ads
Sign In
Join for FREE
Feedback
Dark Mode
Quiz Categories
Sports
Geography
Music
Movies
Television
Just For Fun
Miscellaneous
History
Literature
Language
Science
Gaming
Entertainment
Religion
Holiday
For Kids
Quiz Lab
Recent
Popular Today
Quiz Kudos Today
Editor Picks
Curator Picks
Quizzes by...
Day
Popularity
Type
Ratings
Length
Year
Community
Subscriptions
Recent Discussions
Orange Saloon
Badges
Playlists
Quests
Create
Leaderboards
Showdown
Live 5
Trivia Bingo
Activity
Puzzle Library
Sporcle Events
Private Events
Virtual Trivia
Globe League
Become a Host
Pub Owners
SporcleCon
Opinionation
Our Games
Videos
Blog
Mobile Apps
Partnerships
Remove Ads and Go Orange
Feedback
Gaming
Video Games
Board Games
Card Games
Pokémon
Mario
Nintendo
Minecraft
Console
Toys
Legend of Zelda
Gaming
Video Games
Board Games
Card Games
Pokémon
Mario
Nintendo
Minecraft
Console
Toys
Legend of Zelda
Random Quiz
Search Sporcle
×
Quiz Lab
Quiz Lab
Gaming
ghost
Type answers based on single images at one time
Type answers based on single images at one time
Slideshow
Best Score? Go Orange.
Ghost Trick Characters Stats
Can you name the characters in Ghost Trick?
By
clarinetboy
9m
19 Questions
88 Plays
88 Plays
88 Plays
Comments
Comments
Give Quiz Kudos
Give Quiz Kudos
-
- Ratings
hide this ad
Replay
Link that replays current quiz
Next Quiz
Link to next quiz in quiz playlist
You Got
0%
They Got
Avg Score
66%
Avg Friend Score
Upgrade to see
Score Distribution
Jump to the score distribution portion of the page
Score
0/19
Timer
09:00
0
Plays Today
% Correct
Sissel
98.9%
Lynne
93.2%
Yomiel
85.2%
Kamila
79.5%
Inspector Cabanela
78.4%
Beauty
73.9%
Officer Bailey
71.6%
Pigeon Man
71.6%
The Justice Minister
69.3%
Nearsighted Jeego
65.9%
% Correct
Memry
64.8%
One Step Ahead Tengo
61.4%
Amelie
60.2%
Blue Detective
56.8%
Guardian of the Park
56.8%
Dandy
52.3%
Emma
52.3%
Detective Rindge
45.5%
Detective McCaw
34.1%
Quiz Playlist
Details
Report
Send in Message
Add To Playlist
Slideshow:
Type answers based on single images at one time
Last Updated: Feb 16, 2017
Quiz Scoreboard
CHALLENGE
Sign Up to Join the Scoreboard
Show All
Scores
Hide
Comments
May contain spoilers
Recently Published
5x2 Blitz: Bands
by SL_Kpop136
Music
30s
Colored Red Africa Blitz
by spor1
Geography
30s
Find the 'City' Movie
by crazypaving
Movies
60s
More to Explore
Quiz From the Vault
Featured Blog Post
14 Easter Pick-up Lines to Find Eggs With
hide this ad
You Might Also Like...
Tags
Character
ghost
trick
Today's Top Quizzes in Gaming
Browse Gaming
hide this ad
Today's Top Quizzes in ghost
Browse ghost
Top Contributed Quizzes in Gaming
1
Destiny 2 exotic weapons by perk icons
2
Legendary or Exotic?
3
Dead By Daylight Logic Puzzle
4
Genshin murder mystery
5
League of Legends Pro Players by Career/Team History
6
Overwatch Logic Puzzle
7
Stardew Mayhem 2: Electric Boogaloo
8
Windmill: Elements
9
Arcade Game Bunker
10
Valorant Utility Use (Up to Clove)
Explore More
Trending Topics
Anime
Kpop
NBA
Harry Potter
Disney
Crossword
Marvel
WWE
Soccer
The Office
Pokémon
Puzzle
Country
NFL
Song
hide this ad
More By:
clarinetboy
Quiz
Plays
Rating
Category
Featured
Created
State Capitals Ending in 'City'
41,015
4.34
Geography
Oct 5, 2013
Ace Attorney Murder Logic Puzzle
23,166
4.67
Just For Fun
Jul 22, 2017
Ace Attorney Killers per letter
1,425
3.75
Gaming
Aug 24, 2015
First 25 States clickable minefield
1,325
3.67
Geography
Sep 21, 2013
Ace Attorney Trilogy Multiple-Choice Trivia
1,316
4.50
Gaming
Jul 16, 2017
Go to Creator's Profile
Score Distribution
Quiz Creator Spotlight
clarinetboy
Follow
Send a Message
Quizzes Created
-
Created Quiz Play Count
-
More By This Creator
Popular Quizzes Today
1
Find the 'City' Movie
2
5x2 Blitz: Bands
3
Colored Red Africa Blitz
4
The Countries of the World
5
Find the US States - No Outlines Minefield
6
Find the US States
7
9x9 Crossword: Cartoon Network
8
US States
More Gaming Quizzes
Speed Poker: 30 Hands in 60 Seconds
Published
Trending Quizzes
Colored Red Africa Blitz II
Colored Red Europe Blitz I
Colored Red Africa Blitz III
Colored Red Europe Blitz II
Colored Red Europe Blitz III
Recently Updated
Champions League XIs: Real Madrid
pecheneg
Largest US Cities 1790-2010
pecheneg
Rides in Walt Disney World
pecheneg
Most Oscar Losses (Acting)
pecheneg
Beyoncé Albums
pecheneg
Leaping Animals
pecheneg
Reality TV Shows (A-Z)
bhenderson79
Rickey Henderson's Hall of Fame Teammates
pecheneg
Champions League XIs: Arsenal
pecheneg
Quick Pick: Celebrities in WWE's Hall of Fame
aduchscher
Trending Topics
Disney
Kpop
NBA
Marvel
Anime
Harry Potter
Crossword
Puzzle
NFL
Pokémon
Soccer
WWE
The Office
Country
Song
Your Account Isn't Verified!
In order to create a playlist on Sporcle, you need to verify the email address you used during registration. Go to your
Sporcle Settings
to finish the process.
Report this User
Report this user for behavior that violates our
Community Guidelines
.
Details:
Send Report
Go to the Sporcle.com Mobile Site →
Comments